000 00650cab a2200205 4500
001 WB3037-26
008 090401t1994 xxu||||| |||| 00| 0 eng d
035 _a(Sirsi) u61898
041 _aeng
245 _aFeeling bad?
260 _c1994
350 _a0
490 _aTimes
_v1 October 1994, 13(1)
520 _aDiscusses the Chinese practice of Feng Shui, which seeks to divert geological currents and geopathetic stresses in the interests of harmony, and how it is now being applied to houses in Britian.
650 _aDESIGN
650 _aFENG SHUI
690 _aENVIRONMENTAL AND LAND CONSULTANCY
942 _n0
948 _c04/03/1997
999 _c38396
_d38396